Allsvenskans dyraste övergångar - Statistics

General Stats
  • This quiz has been taken 113 times
  • The average score is 7 of 10
Answer Stats
År Köpande klubb Spelare Pris i kr % Correct
2023 Eintracht Frankfurt Hugo Larsson 97 miljoner
94%
2024 Tottenham Hotspur Lucas Bergvall 113 miljoner
94%
2017 Borussia Dortmund Alexander Isak 85 miljoner
92%
2001 AFC Ajax Zlatan Ibrahimović 82,5 miljoner
92%
2024 Strasbourg Sebastian Nanasi 125 miljoner
87%
2022 Celta Vigo Williot Swedberg 60 miljoner
66%
2024 FC Porto Deniz Gül 60 miljoner
47%
2024 Brighton & Hove Albion Malick Yalcouyé 80 miljoner
34%
2020 Dalian Professional FC Marcus Danielson 50 miljoner
31%
2024 Gent Momodou Sonko 90 miljoner
30%
No matching quizzes found
Score Distribution
Percent of People with Each Score
Percentile by Number Answered
Your Score History
You have not taken this quiz